LEADER 01235nam a2200265 i 4500 001 000000105553 003 CaOOAMICUS 005 20070611134218.0 008 070611s1999 wiu 000 u eng c 020 $a0-87462-167-4 040 $aPUG$bita$dPUL$dLDB 100 1 $aRist, John M.$q(John Michael),$d1936-$0(OLS)http://pul/name/21112 245 10$aOn inoculating moral philosophy against God /$cby John M. Rist. 260 $aMilwaukee :$bMarquette University Press,$c1999. 300 $a111 p. ;$c19 cm 490 1 $aThe Aquinas lecture ;$v064 500 $aSul front. : Under the auspices of the Wisconsin-Alpha Chapter of Phi Sigma Tau. 600 04$aThomas Aquinas,$cs.,$dc. 1225-1274$xCritica e interpretazione.$0(OLS)http://pul/subject/435 830 4$aThe Aquinas lecture ;$v064.$0(OLS)http://pul/title/20004 850 $aPUL 852 $aPUL$W1$xSL Filosofia 3$y81$m170 RISJO 1$j118294$qDDC 21$B118195$CPULBib$Z2$F118195 $H100550 $82 941 1 $a9 996 $6020$a0-87462-167-4$9(OLS)http://pul/number/134750 996 $6245$aOn inoculating moral philosophy against God$9(OLS)http://pul/title/132854 996 $6260$aMilwaukee :$bMarquette University Press$9(OLS)http://pul/publisher/49546 LEADER 01370nam a2200313 a 4500 001 000000173314 003 CaOOAMICUS 005 20200224120930.0 008 200224s2019 it fr l000 0 ita r 020 $a978-88-308-1711-1* 032 $aLibriCat 040 $aPUL$dita$b$d$d 082 00$a230 100 1 $aMeloni, Alessio.$0(OLS)http://pul/name/109638 245 12$aL'analogia familiare della Trinità : $bil contesto, la storia, un bilancio / $cAlessio Meloni ; prefazione di Carlo Rocchetta. 260 $aAssisi :$bCittadella,$c2020. 300 $a473 p. ;$c21 cm 490 1 $aStudi e ricerche. Sezione teologica. 504 $aBibliografia: p. [443]-457. 700 1 $aRocchetta, Carlo,$d1943-$0(OLS)http://pul/name/26189 830 0$aStudi e ricerche (Cittadella).$pSezione teologica.$0(OLS)http://pul/title/143126 850 $aPUL 852 $aPUL$W1$xSL Religione 3$y85$m230 COLL 11.1.37$j197294$qDDC 21$B202079$CPULBib$Z2$F202079 $H134033 $82 941 1 $a9 996 $6020$a978-88-308-1711-1*$9(OLS)http://pul/number/167308 996 $6082$a230$9(OLS)http://pul/classification/368 996 $6245$aL'analogia familiare della Trinità : $bil contesto, la storia, un bilancio / $9(OLS)http://pul/title/214452 996 $6260$aAssisi :$bCittadella$9(OLS)http://pul/publisher/49668